The Room quotes - Statistics

General Stats
  • This quiz has been taken 95 times
  • The average score is 8 of 10
Answer Stats
Hint Answer % Correct
I'm just sitting up here thinking, you know. Mark
96%
Do you understand life? Do you? Johnny
94%
How can they say this about me? I don't believe it. I show them. I will record everything. Johnny
94%
You betrayed me! You're not good. You, you're just a chicken. Chip-chip-chip-chip-cheep-cheep. Johnny
94%
I just needed some money to pay off some stuff! Denny
90%
She's a stupid bitch. She wants to control my life. I'm not going to put up with that. I'm going to do what I want to do, and that's it. What do you think I should do? Lisa
90%
A man like that! With a gun! My god! Claudette
68%
Five minutes? You want five $#&! minutes? You know what? I don't have FIVE $#&! MINUTES! Chris R.
56%
You're point of view is so different than mine. Michelle
56%
I have to go see Michelle in a little bit to make out with her. Mike
43%
No matching quizzes found
Score Distribution
Percent of People with Each Score
Percentile by Number Answered
Your Score History
You have not taken this quiz